|
|
|
|
| LEADER |
01239nam a2200301 a 4500 |
| 001 |
374 |
| 003 |
BD-DhAAL |
| 005 |
20150317203510.0 |
| 008 |
150317s1994 nyu b 001 0 eng |
| 010 |
|
|
|a 94003410
|
| 020 |
|
|
|a 0471048976 (acidfree paper)
|
| 040 |
|
|
|a DLC
|c DLC
|d DLC
|d BD-DhAAL
|
| 050 |
0 |
0 |
|a QA322.4
|b .S27 1994
|
| 082 |
0 |
0 |
|a 515/.733
|2 20
|
| 100 |
1 |
|
|a Sarason, Donald.
|9 9780
|
| 245 |
1 |
0 |
|a Sub-Hardy Hilbert spaces in the unit disk /
|c Donald Sarason.
|
| 260 |
|
|
|a New York :
|b Wiley,
|c c1994.
|
| 300 |
|
|
|a xiv, 95 p. ;
|c 25 cm.
|
| 490 |
|
|
|a The University of Arkansas lecture notes in the mathematical sciences ;
|v v. 10
|
| 500 |
|
|
|a "A Wiley-Interscience publication."
|
| 504 |
|
|
|a Includes bibliographical references (p. 85-92) and index.
|
| 541 |
|
|
|e 374
|
| 650 |
|
0 |
|a Hilbert space.
|9 9781
|
| 650 |
|
0 |
|a Hardy spaces.
|9 9782
|
| 942 |
|
|
|2 ddc
|c BK
|
| 999 |
|
|
|c 34079
|d 34079
|
| 952 |
|
|
|0 0
|1 0
|2 ddc
|4 0
|6 515_733000000000000_SAR
|7 0
|9 53172
|a SCL
|b SCL
|c GEN
|d 2015-03-17
|e Gift: The Asia Foundation
|l 0
|o 515.733 SAR
|p 3020000374
|r 2015-03-17
|t 1
|w 2015-03-17
|y BK
|
| 952 |
|
|
|0 0
|1 0
|2 ddc
|4 0
|6 515_733000000000000_SAR
|7 0
|9 53201
|a SCL
|b SCL
|c GEN
|d 2015-03-18
|e Gift: The Asia Foundation
|l 0
|o 515.733 SAR
|p 3020000375
|r 2015-03-18
|t 2
|w 2015-03-18
|y BK
|